000 00684nam a22002177a 4500
005 20081020114213.0
008 081020t xxu||||| |||| 00| 0 eng d
010 _aENG-84139
020 _a8121910218
020 _c180.00 (pbk)
035 _aEN-67672
082 _a368
100 _aMishra, M N
245 _aInsurance:
_bprinciples and practice /
_cby M N Mishra
250 _arev ed
260 _aNew Delhi
_bS Chand
_e7361, Ram Nagar, New Delhi-110055
260 _c2007
300 _aviii,788p
_c22cm
942 _2ddc
_cEN
_h368
_mMIS
999 _c17103
_d17103